000 02054nam2a22003731 4500
001 v19\rc\1579725
005 20260406101151.0
035 _a(NLR Aleph) 005228361
090 _a5578563
_c5578563
100 _a20061002d1893 |||y0rusy50 ca
101 0 _arus
102 _aRU
105 _ac z |||||
200 1 _a8. Хемницер
210 _d1893
_aБ. м.
215 _a[4], 453-602 с.
_cпортр.
423 0 _11010#$arus
_12001#$a9. Херасков
_t9. Херасков
423 0 _11010#$arus
_12001#$a10. Богданович
_t10. Богданович
461 0 _1001v19\rc\1579722
_12001#$aРусская поэзия$eСобр. произведений рус. поэтов, частью в полн. составе, частью в извлеч., с важнейшими крит.-биогр. ст., библиогр. примеч. и портр.$fИзд. под ред. С.А. Венгерова.$vВып. 3
_94770278
_cСанкт-Петербург
_d1893-1901
_fИзд. под ред. С.А. Венгерова. Вып. 1-7
_nтип. И.А. Ефрона
_oСобр. произведений рус. поэтов, частью в полн. составе, частью в извлеч., с важнейшими крит.-биогр. ст., библиогр. примеч. и портр.
_p7 т.
_tРусская поэзия
_vВып. 3
517 0 _aХемницер
517 0 _aХерасков
517 0 _aБогданович
702 1 _aХеминцер
_bИ.И.
_f1745-1784
_gИван Иванович
_4570
702 1 _aХерасков
_bМ.М.
_f1733-1807
_gМихаил Матвеевич
_4570
702 1 _4570
_8rus
_7ca
_aБогданович
_bИ. Ф.
_f1743-1803
_gИпполит Федорович
_3RU\NLR\AUTH\7778862
_961790
801 2 _aRU
_bNLR
_c20090727
_2rusmarc
801 0 _aRU
_bNLR
_c20061002
_gpsbo
801 0 _aRU
_bRuMoRGB
_c20061002
_2psbo
801 1 _aRU
_bProSoft-M
_c20061002
_2rusmarc
852 _aNLR
_j18.340а.1.1(3)
852 _aNLR
_j52/705(3)
942 _cBOOK
980 _aNB